03874ngm a22005057a 4500006001900000007000300019008003900022020001500061020001800076082002200094245014300116260007500259300006200334490003800396500002500434500007600459505010100535511011400636511009700750511010300847511008200950520074701032520015401779520036101933520036302294521001402657538007702671546002102748650003102769650004302800650005002843653001302893655001702906655001802923710004602941710004002987710005603027740003403083740001903117740003203136740001603168942001703184999001703201952015003218a|||||s|||||00| 0 tz110612s2008cau|||||s|||s 000 00| 0 d  a1435928261 a978143592826804a791.4375bHAM22204aHammer Filmsh[videorecording] :b4 Creepy Classics /cFrom the Hammer films archives. Columbia Pictures presents a Hammer Film production aCulver City, Calif. :bSony Pictures Home Entertainment, 2008c2008  a2 videodiscs (333 min.) :bsd., b&w, col. ;c4 3/4 in.  925045aIcons of Horror Collection aTitle from container aOriginally released as motion pictures by Columbia Pictures, 1960-1964. aThe Two Faces of Dr. Jeky ll -- The Curse of the Mummy's Tomb --The Gorgon -- Scream of Fear.  aThe Two Faces of Dr. Jekyll Cast: Paul Massie, Dawn Addams, Christopher Lee, David Kossoff, Francis de Wolff. aThe Curse of the Mummy's Tomb Cast: Terence Morgan, Ronald Howard, Fred Clark, Jeanne Roland aThe Gorgon Cast: Peter Cushing, Christopher Lee, Richard Pasco, Michael Goodliffe, Barbara Shelley aScream of Fear Cast: Susan Strasberg, Ronald Lewis, Ann Todd, Christopher Lee aThe Two Faces of Dr. Jekyll: Experiments bring out the monster in one doctor, creating the world's most infamous dual personalitye matter up, but it becomes apparent that at the full moon, Medusa leaves her castle lair and anyone looking on her face is turned to stone. When this fate befalls a visitor, experts from the University of Leipzig arrive to get to the bottom of it all. Scream of fear: After narrowly surviving an accident in which she nearly drowned, Penny is left wheelchair bound. She returns home to live with her widowed step-mother Jane on the French Riviera. She begins to question her sanity after several times seeing her father's corpse around the house and its grounds. She enlists the help of the friendly chauffeur. aThe Curse of the Mummy's Tomb: The tomb of Egyptian prince Ra is found and shipped to America, where someone is trying to raise him from the dead.  aThe Gorgon: In middle-Europe, villagers are literally becoming petrified. The authorities try to hush the matter up, but it becomes apparent that at the full moon, Medusa leaves her castle lair and anyone looking on her face is turned to stone. When this fate befalls a visitor, experts from the University of Leipzig arrive to get to the bottom of it all. aScream of Fear: After narrowly surviving an accident in which she nearly drowned, Penny is left wheelchair bound. She returns home to live with her widowed step-mother Jane on the French Riviera. She begins to question her sanity after several times seeing her father's corpse around the house and its grounds. She enlists the help of the friendly chauffeur. aNot rated aDVD, anamorphic widescreen; Dolby Digital, remastered in High-Definition aClosed-captioned 925051aTombsvDramazEgypt 925055aMedusa (Greek mythology)vDrama 925056aMultiple personality vDramazEngland  cJune2011 aHorror films aFeature films 925048aColumbia Pictures Corporationeprd 925049aHammer Film Productionseprd 925050aSony Pictures Home Entertainment (Firm)eprd aThe Curse of the Mummy's Tomb aScream of Fear aThe Two Faces of Dr. Jekyll aThe Ggorgon 2ddccCDVDMOV c15584d15584 00102ddc40708BaccahaMAINbMAINc2NDd2011-06-12g235.00h12344l0o791.4375 HAMp000024126r2022-08-24 00:00:00w2011-06-12yCDVDMOVz2 DVDs